Migration, Ethnizitaet, Konflikt : Systemfragen und Fallstudien

Αποθηκεύτηκε σε:
Λεπτομέρειες βιβλιογραφικής εγγραφής
Άλλοι συγγραφείς: Bade, Klaus J. (Επιμελητής έκδοσης)
Μορφή: Βιβλίο
Γλώσσα:German
Δημοσίευση: Osnabruck : Universitatsverlag Rasch, 1996
Σειρά:IMIS-Schriften ; ; 1
Θέματα:
Ετικέτες: Προσθήκη ετικέτας
Δεν υπάρχουν, Καταχωρήστε ετικέτα πρώτοι!

MARC

LEADER 00000nam a2200000 i 4500
001 1/12083
008 000919s1996 ger d
020 |a 3930595362 
035 |l 10064074 
040 |a GR-MY-UA  |b gre  |e aacr 
041 0 |a ger 
082 0 |a 305.8 
245 1 0 |a Migration, Ethnizitaet, Konflikt :  |b Systemfragen und Fallstudien /  |c herausgegeben von Klaus J. Bade 
260 |a Osnabruck :   |b Universitatsverlag Rasch,   |c 1996 
300 |a 458 p.;  |b ill.;  |c 24 cm 
490 1 |a IMIS-Schriften  |v ; 1 
504 |a Includes bibliographical references 
650 0 0 |a Emigration and immigration  |x Social aspects. 
650 0 0 |a Ethnic relations. 
700 1 |a Bade, Klaus J.  |4 edt 
830 0 |a IMIS-Schriften ;  |v ; 1 
852 |a INST  |b RHODES  |e 20000919  |h 305.8 MIG  |p 005400014484  |q 005400014484  |t BK  |y 0 
901 |a BIBL4-2000-3 
909 |a Ρ  |b 065756 
922 |a 4ΕΛΗ  |b 199903  |c ΚΠΣ/154  |d LEADER BOOKS 
970 |z 2000/09/ΣΟΦΙΑ